000 00366nam a2200133Ia 4500
003 GCL
008 140319s9999 xx 000 0 ara d
040 _aGCL /
_cGCL
082 0 4 _a810.95
_bم م
100 1 _aميشال عاصى
245 1 0 _aمفاهيم الجمالية والنقد فى ادب الجاحظ /
_cميشال عاصى
300 _a239 ص
490 _a
999 _c37914
_d37914